000 01196nam2a2200253 4500
001 RU\NLR\bibl\1227548
005 20250615113230.0
010 _a978-5-275-01624-6 (т.1)
021 _aRU
_b2008-22600
_91240
035 _a(NLR Aleph) 001213846
090 _a95233
_c95233
100 _a20080516d2008 |||y0rusy50 ca
101 0 _arus
102 _aRU
105 _aa |||||||||
200 1 _aОчерки синим, серым и зеленым
_aТрое на четырех колесах
_eроман
_aМелочи жизни
_eкомедия
_f[пер. Л. Мурахиной-Аксеновой и др.]
210 _d2008
_aБ. м.
215 _a366, [2] с.
_cил.
461 0 _1001RU\NLR\bibl\1237590
_12001#$aИзбранные произведения$vТ. 2
_9155198
_aДжером, Д. К. (1859-1927)
_cМосква
_d2008
_fДжером Клапка Джером
_nТерра Книжный клуб
_oв 3 т. : [перевод с английского]
_tИзбранные произведения
_y978-5-275-01622-2
_vТ. 2
801 0 _aRU
_bNLR
_c20080516
_gRCR
801 1 _aRU
_bNLR
_c20080516
942 _cBOOK
980 _aNB